Statistics for Warhammer 40,000: Chaos space marines units

Click here to take the quiz!

General Stats

  • This quiz has been taken 15 times
    (13 since last reset)
  • The average score is 13 of 51

Answer Stats

HintAnswer% Correct
Fast AttackRaptors
78%
HQAbaddon the Despoiler
67%
ElitesChaos Terminator Squad
56%
Heavy SupportObliterators
56%
TransportRhino
56%
HQChaos Lord
44%
ElitesChosen
44%
ElitesPlague Marines
44%
ElitesPossessed
44%
Heavy SupportForgefiend
33%
ElitesKhorne Berzerkers
33%
Heavy SupportLand Raider
33%
ElitesNoise Marines
33%
ElitesRubric Marines
33%
HQSorcerer
33%
Fast AttackWarp Talons
33%
Fast AttackChaos Spawn
22%
HQDaemon Prince
22%
HQDark Apostle
22%
HQFabius Bile
22%
HQHaarken Worldclaimer
22%
Heavy SupportHavocs
22%
ElitesHelbrute
22%
FlyerHeldrake
22%
HQHuron Blackheart
22%
Lord of WarKhorne lord of Skulls
22%
HQLucius the Eternal
22%
ElitesMaster of Executions
22%
Heavy SupportMaulerfiend
22%
FortificationNoctilith Crown
22%
Heavy SupportPredator Annihilator
22%
Heavy SupportVindicator
22%
HQWarpsmith
22%
TroopsAccursed Cultists
11%
Fast AttackChaos Bikers
11%
HQChaos Lord in Terminator Armour
11%
TroopsCultist Mob
11%
HQCypher
11%
HQDark Commune
11%
Heavy SupportDefiler
11%
HQExalted Champion
11%
TroopsLegionaries
11%
HQLord Discordant
11%
HQMaster of Possession
11%
Heavy SupportPredator Destructor
11%
HQSorcerer in Terminator Armour
11%
Fast AttackVenomcrawler
11%
TroopsFellgor Beastmen
0%
ElitesTraitor Enforcer
0%
TroopsTraitor Guardsmen Squad
0%
HQVashtorr the Arkifane
0%

Score Distribution

Percentile by Number Answered

Percent of People with Each Score

Your Score History

You have not taken this quiz since the last reset